000
00448nam a2200145Ia 4500
008
100122s9999 xx 000 0 und d
082
_b
59329
_a
823
100
_a
सोनवणी संजय
245
_a
अखेरचा सम्राट
260
_b
पुष्प प्रकाशन
_c
2000
300
_a
230
630
_a
अखेरचा सम्राट
730
_a
अखेरचा सम्राट
942
_c
BOOK
999
_c
434926
_d
434923